000 00506nam a2200181Ia 4500
003 IN-BaIIA
008 211028s9999 xx 000 0 eng d
040 _cIIA Library
080 _a621.316.8
_bDUM
100 _aDummer, G. W. A
_98147
245 0 _aVariable resistors and potentiometers
_cG. W. A. Dummer
260 _aLondon
_bSir Isaac Pitman
_c1956
300 _axiii, 176p.
650 _a Potentiometers 
_98148
650 _a Resistors-Variable
_98149
650 _aNASA Thesaurus 
942 _cBK
999 _c4613
_d4613